England National Football Team Opponents 1960-1969 - Statistics

General Stats
  • This quiz has been taken 18 times
  • The average score is 94 of 98
Answer Stats
Modern Confederation Year + Result Country % Correct
CONMEBOL 1962 3-1 W Argentina
100%
CONMEBOL 1964 1-0 L Argentina
100%
CONMEBOL 1966 1-0 W Argentina
100%
CONMEBOL 1962 3-1 L Brazil
100%
CONMEBOL 1963 1-1 D Brazil
100%
CONMEBOL 1964 5-1 L Brazil
100%
CONMEBOL 1969 2-1 L Brazil
100%
UEFA 1963 4-2 W Czechoslovakia
100%
UEFA 1966 0-0 D Czechoslovakia
100%
UEFA 1962 1-1 D France
100%
UEFA 1963 5-2 L France
100%
UEFA 1966 2-0 W France
100%
UEFA 1969 5-0 W France
100%
UEFA 1960 2-0 L Hungary
100%
UEFA 1962 2-1 L Hungary
100%
UEFA 1965 1-0 W Hungary
100%
UEFA 1964 3-1 W Ireland
100%
UEFA 1960 5-2 W Northern Ireland
100%
UEFA 1961 1-1 D Northern Ireland
100%
UEFA 1962 3-1 W Northern Ireland
100%
UEFA 1963 8-3 W Northern Ireland
100%
UEFA 1964 4-3 W Northern Ireland
100%
UEFA 1965 2-1 W Northern Ireland
100%
UEFA 1966 2-0 W Northern Ireland
100%
UEFA 1967 2-0 W Northern Ireland
100%
UEFA 1969 3-1 W Northern Ireland
100%
CONMEBOL 1962 4-0 W Peru
100%
UEFA 1966 1-1 D Poland
100%
UEFA 1966 1-0 W Poland
100%
UEFA 1961 1-1 D Portugal
100%
UEFA 1961 2-0 W Portugal
100%
UEFA 1964 4-3 W Portugal
100%
UEFA 1964 1-1 D Portugal
100%
UEFA 1966 2-1 W Portugal
100%
UEFA 1969 1-0 W Portugal
100%
UEFA 1960 1-1 D Scotland
100%
UEFA 1961 9-3 W Scotland
100%
UEFA 1962 2-0 L Scotland
100%
UEFA 1963 2-1 L Scotland
100%
UEFA 1964 1-0 L Scotland
100%
UEFA 1965 2-2 D Scotland
100%
UEFA 1966 4-3 W Scotland
100%
UEFA 1967 3-2 L Scotland
100%
UEFA 1968 1-1 D Scotland
100%
UEFA 1969 4-1 W Scotland
100%
UEFA 1967 2-2 D Soviet Union
100%
UEFA 1968 2-0 W Soviet Union
100%
UEFA 1960 3-0 L Spain
100%
UEFA 1960 4-2 W Spain
100%
UEFA 1965 2-0 W Spain
100%
UEFA 1967 2-0 W Spain
100%
UEFA 1968 1-0 W Spain
100%
UEFA 1968 2-1 W Spain
100%
UEFA 1960 5-1 W Wales
100%
UEFA 1961 1-1 D Wales
100%
UEFA 1962 4-0 W Wales
100%
UEFA 1963 4-0 W Wales
100%
UEFA 1964 2-1 W Wales
100%
UEFA 1965 0-0 D Wales
100%
UEFA 1966 5-1 W Wales
100%
UEFA 1967 3-0 W Wales
100%
UEFA 1969 2-1 W Wales
100%
UEFA 1961 3-1 L Austria
93%
UEFA 1965 3-2 L Austria
93%
UEFA 1967 1-0 W Austria
93%
UEFA 1964 2-2 D Belgium
93%
UEFA 1961 3-2 W Italy
93%
CONCACAF 1961 8-0 W Mexico
93%
CONCACAF 1966 2-0 W Mexico
93%
CONCACAF 1969 0-0 D Mexico
93%
UEFA 1964 1-1 D Netherlands
93%
UEFA 1969 1-0 W Netherlands
93%
UEFA 1962 3-1 W Switzerland
93%
UEFA 1963 8-1 W Switzerland
93%
CONCACAF 1964 10-0 W USA
93%
UEFA 1960 3-3 D Yugoslavia
93%
UEFA 1965 1-1 D Yugoslavia
93%
UEFA 1966 2-0 W Yugoslavia
93%
UEFA 1968 1-0 L Yugoslavia
93%
UEFA 1962 0-0 D Bulgaria
87%
UEFA 1968 1-1 D Bulgaria
87%
UEFA 1963 2-1 W East Germany
87%
UEFA 1960 9-0 W Luxembourg
87%
UEFA 1961 4-1 W Luxembourg
87%
UEFA 1966 6-1 W Norway
87%
UEFA 1965 2-1 W Sweden
87%
UEFA 1968 3-1 W Sweden
87%
CONMEBOL 1964 2-1 W Uruguay
87%
CONMEBOL 1966 0-0 D Uruguay
87%
CONMEBOL 1969 2-1 W Uruguay
87%
UEFA 1965 1-0 W West Germany
87%
UEFA 1966 1-0 W West Germany
87%
UEFA 1966 4-2 W West Germany
87%
UEFA 1968 1-0 L West Germany
87%
UEFA 1966 2-0 W Denmark
80%
UEFA 1966 3-0 W Finland
73%
UEFA 1968 0-0 D Romania
73%
UEFA 1969 1-1 D Romania
73%
No matching quizzes found
Score Distribution
Percent of People with Each Score
Percentile by Number Answered
Your Score History
You have not taken this quiz